|
|
|
|
| LEADER |
00725nam a2200217Ia 4500 |
| 001 |
CTU_163561 |
| 008 |
210402s9999 xx 000 0 und d |
| 020 |
|
|
|c 22.79
|
| 082 |
|
|
|a 004.6
|
| 082 |
|
|
|b S626
|
| 100 |
|
|
|a Skandier, Toby
|
| 245 |
|
0 |
|a Network administrator street smarts
|
| 245 |
|
2 |
|b A real world guide to CompTIA Network+ skills
|
| 245 |
|
0 |
|c Toby Skandier
|
| 260 |
|
|
|a Indianapolis, Ind.
|
| 260 |
|
|
|b Wiley
|
| 260 |
|
|
|c 2006
|
| 650 |
|
|
|a Local area networks (Computer networks),Computer networks,Mạng khu vực (mạng máy tính),Mạng máy tính
|
| 650 |
|
|
|x Management,Management,Quản trị,Quản trị
|
| 904 |
|
|
|i Qhieu
|
| 980 |
|
|
|a Trung tâm Học liệu Trường Đại học Cần Thơ
|